[Event "Taastrup"]
[Site "Taastrup"]
[Date "1992.??.??"]
[Round "?"]
[White "Hector, Jonny"]
[Black "Hansen, Curt"]
[Result "1/2-1/2"]
[WhiteElo "2535"]
[BlackElo "2620"]
[Annotator "Stohl,I"]
[PlyCount "134"]
[EventDate "1992.02.??"]
[EventType "tourn"]
[EventRounds "9"]
[EventCountry "DEN"]
[EventCategory "13"]
[SourceTitle "CBM 028"]
[Source "ChessBase"]
[SourceDate "1992.06.01"]
[SourceVersion "1"]
[SourceVersionDate "1992.06.01"]
[SourceQuality "1"]

1. e4 d6 2. d4 Nf6 3. Nc3 g6 4. f4 Bg7 5. Nf3 O-O 6. Be2 c5 7. dxc5 Qa5 8. O-O
Qxc5+ 9. Kh1 Nc6 10. Bd3 Bg4 11. Qe1 Rfc8 (11... Bxf3 12. Rxf3 Nb4 13. Be3 Nxd3
14. cxd3 Qb4 $5 15. Rb1 Rfc8 (15... a5 16. f5 Rac8 17. Bg1 a4 18. a3 Qb3 19.
Bd4 e6 20. Qg1 b5 21. g4 Nxg4 $5 $146 {Short,N-Speelman,J,London cq 1988-CBM 09
}) 16. f5 Rc6 17. a3 Qb3 18. Bd4 Rac8 19. Bxf6 $6 Bxf6 20. Nd5 Bg5 $1 21. d4
Qa4 22. Qg3 Rc1+ $15 {Peelen,P-Cifuentes,R,Groningen op 1991-EXP 26}) 12. Be3
Qa5 13. Bd2 {N} (13. Nd2 Bd7 14. Nc4 $6 (14. Nb3 $142 $13) 14... Qd8 15. Qh4
Nb4 16. Na3 Qa5 17. Bd2 Nxd3 18. cxd3 b5 19. e5 b4 20. Nc4 Qd8 21. Ne2 Nd5 $15
{Chandler,M-Ivanchuk,V,Reykjavik WCup 1991-CBM 26}) 13... Nb4 14. Ng5 (14. Qh4
Qh5 $10) 14... h6 15. h3 Bd7 (15... hxg5 $6 16. fxg5 $1 $40) 16. Nf3 Qh5 $1
$132 17. e5 $2 (17. a3 Nxd3 18. cxd3 $10) 17... dxe5 18. fxe5 Ng4 19. Bf4 Bc6
$1 {><e5} 20. e6 $8 f5 $17 21. Ne2 $6 (21. Kg1 Nxd3 22. cxd3 Bxf3 23. Rxf3 Bd4+
$36) 21... Nxc2 $1 22. Ng3 (22. Bxc2 Bxf3 23. Rxf3 (23. gxf3 Qxh3+ 24. Kg1 Rxc2
25. fxg4 Qxg4+ $19) 23... Rxc2 24. Ng3 Qh4 $19) (22. Qd2 Bxf3 (22... Nxa1 $2
23. Ng3) 23. Rxf3 Nxa1 24. Ng3 Qh4 $19) 22... Nxe1 23. Raxe1 $8 Nf6 24. Nxh5
Nxh5 25. Ne5 (25. Bh2 Bxb2 $19) 25... Nxf4 26. Rxf4 Bxe5 27. Rxe5 Rd8 28. Bb5
Rac8 (28... Rd5 29. Rxd5 Bxd5 30. Bd7 Bxa2 $19) 29. Rc4 Bxb5 (29... Rd6 $142
$19) 30. Rxc8 Rxc8 31. Rxb5 Rc7 (31... b6 $1 32. Rd5 Rc6 33. Rd7 Rxe6 34. Rxa7
Re2 $19) 32. Rd5 Rc6 $8 33. Rd7 Rxe6 34. Rxb7 a6 35. a4 Kf7 36. a5 Kf6 37. b4
Re4 38. Kh2 h5 $6 (38... e5 39. Rb6+ Kg5 40. Rxa6 Rxb4 $17) 39. Kg3 g5 40. Kf2
e6 41. Rb6 h4 $2 (41... g4 $142 42. hxg4 (42. Rxa6 gxh3 43. gxh3 Rxb4 44. Ra8
Ra4 $17) 42... hxg4 43. Rxa6 Rxb4 44. Ra8 Ke5 45. a6 f4 46. a7 Rb2+ 47. Kf1 Ra2
48. Rg8 Rxa7 49. Rxg4 Kf5 $17) 42. Rxa6 Rxb4 43. Ra8 Rb2+ 44. Kg1 Ke5 45. a6
Ra2 (45... Kf4 46. a7 Kg3 $2 47. Rb8 $16) 46. a7 $10 Kf4 (46... g4 47. hxg4
fxg4 48. Rg8 Rxa7 49. Rxg4 $10) 47. Re8 Rxa7 48. Rxe6 Ra1+ 49. Kf2 Ra2+ 50. Kg1
Ra1+ 51. Kf2 g4 52. hxg4 fxg4 53. Rf6+ (53. g3+ $5 hxg3+ 54. Kg2 $10) 53... Ke5
54. Rh6 Ra2+ 55. Ke3 Ra3+ 56. Kf2 Kf4 57. Rf6+ (57. Rxh4 $2 Ra2+ 58. Kf1 Kg3
59. Rh8 Ra1+ 60. Ke2 Kxg2 $19) 57... Kg5 58. Rf8 Ra2+ 59. Kf1 Ra1+ 60. Kf2 g3+
61. Ke2 Ra4 (61... Rg1 62. Rg8+ Kf6 63. Kf3 $10) 62. Kf1 Rf4+ 63. Rxf4 Kxf4 64.
Kg1 Kg4 65. Kh1 h3 66. Kg1 $10 (66. gxh3+ $4 Kxh3 67. Kg1 g2 $19) 66... h2+ 67.
Kh1 Kf4 {[Stohl]} 1/2-1/2

[Event "Tata Steel-A 77th"]
[Site "Wijk aan Zee"]
[Date "2015.01.23"]
[Round "11"]
[White "Giri, Anish"]
[Black "Van Wely, Loek"]
[Result "1-0"]
[WhiteElo "2784"]
[BlackElo "2667"]
[Annotator "Szabo,Kr"]
[PlyCount "103"]
[EventDate "2015.01.10"]
[EventType "tourn"]
[EventRounds "13"]
[EventCountry "NED"]
[EventCategory "20"]
[SourceTitle "CBM 165"]
[Source "ChessBase"]
[SourceDate "2015.03.11"]
[SourceVersion "1"]
[SourceVersionDate "2015.03.11"]
[SourceQuality "1"]

1. e4 d6 2. d4 Nf6 3. Nc3 g6 4. f4 Bg7 5. Bd3 e5 6. dxe5 dxe5 7. Nf3 exf4 8.
Bxf4 O-O 9. Qd2 Nc6 10. O-O-O Ng4 $146 {A logical novelty by Van Wely. The N
would like to gain a foothold on e5.} ({Two years ago Wang Hao played} 10...
Be6 11. h3 Nd7 12. Bg5 Bf6 13. h4 h5 14. Qf4 Bxg5 15. hxg5 Qe7 16. Bb5 Nb6 17.
Bxc6 bxc6 18. Ne5 $16 {with a brilliant position for White, Karjakin-Wang Hao,
Beijing 2013.}) 11. Nd5 Nce5 12. h3 ({The solid} 12. Be2 $5 {was the another
option.}) 12... Nxf3 ({The engine suggests} 12... c6 $5 13. hxg4 Nxd3+ 14. cxd3
cxd5 15. Bh6 f6 {with a double-edged battle.}) 13. gxf3 Ne5 14. Be2 Be6 {
Black has also finished his development, however White has a space advantage
and his pieces are more powerful.} 15. Bg5 ({Probably} 15. Qe3 $1 {was more
accurate. Now Black faces a lot of threats.}) 15... f6 16. Be3 c6 17. f4 $1 {
The right answer by Giri! White doesn't come back with his N, he finds
counterplay and he also attacks the opponent's N.} Nf7 ({In the event of} 17...
cxd5 18. exd5 $1 ({Of course not} 18. fxe5 $2 dxe4 $15 {and Black is slightly
better.}) 18... Bf5 19. fxe5 Rc8 (19... fxe5 20. d6 $36 {and White is active.})
20. Bd3 Qxd5 21. Bxf5 Qxd2+ ({The seemingly dangerous} 21... Qxa2 $2 {could
have been met by} 22. Qd7 $1 gxf5 23. Rhg1 $18 {and White wins.}) 22. Rxd2 gxf5
23. e6 Rc6 24. Rg1 Rxe6 25. Bc5 Rfe8 26. Rd7 Re1+ 27. Rxe1 Rxe1+ 28. Kd2 Rh1
29. Bxa7 $14 {and finally White's endgame is slightly better.}) 18. f5 $1 {
Another strong reply!} gxf5 $6 {An inaccuracy, which weakens Black's kingside
especially on the g-file.} ({Nevertheless} 18... Bxd5 19. exd5 $14 {is also
very comfortable for White.}) 19. Nf4 {This is the point of White's previous
sacrifice!} Qxd2+ 20. Bxd2 (20. Rxd2 $2 {is bad, as} Bh6 $1 {and Black looks
nicely placed.}) 20... Rae8 21. Rhg1 Kh8 {Black has to avoid the unpleasant
pin.} ({The greedy} 21... fxe4 $2 {loses because of} 22. Nh5 Ng5 23. h4 $18)
22. Rxg7 $2 {A very good-looking move, but in this position this is a mistake,
which loses the advantage.} ({The cool-blooded} 22. Kb1 {was the correct
reaction, for example} Bh6 23. Bc3 $1 Ne5 24. Nxe6 Rxe6 25. Bb4 $16 {followed
by exf5 and White is better.}) 22... Kxg7 23. Nh5+ Kg6 $6 {Black returns the
error.} (23... Kh8 {was the only good move} 24. Bc3 Ne5 25. Nxf6 Rxf6 26. Bxe5
Kg7 27. Rg1+ Kf7 28. Bh5+ Rg6 $11 {and Black is in a pin, but he can equalise
the position.}) 24. Rg1+ Ng5 25. Nf4+ {More accurate than 25.h4.} (25. h4 h6
26. hxg5 hxg5 {is also slightly better for White, but the text move was
stronger.}) 25... Kg7 26. h4 h6 27. Bh5 $6 {A good looking move, but probably
not the best.} ({The computer suggests} 27. Bb4 $5 Rf7 28. hxg5 fxg5 29. exf5 (
29. Nxe6+ Rxe6 30. Bc4 $2 Rxe4 31. Bxf7 Kxf7 $15 {and Black's three Ps are
really strong.}) 29... Bxf5 30. Bh5 $14 {and White is a piece up against two
Ps, still Black has some chances to survive.}) 27... Bf7 28. exf5 Bxh5 29.
Nxh5+ Kf7 30. hxg5 fxg5 $2 (30... hxg5 {was the correct recapture} 31. Bc3 (31.
Bb4 Rh8 $1) 31... Re3 $1 32. Bxf6 Rh3 33. Rxg5 Rxh5 34. Rxh5 Kxf6 {and
probably Black will reach the draw.}) 31. Ng3 $6 (31. Bb4 $1 {was the
strongest continuation,} Rg8 32. Bc3 $16 {and White's minor pieces are really
active, Black is in a big trouble.}) 31... Rd8 32. Rh1 Rd4 {Black couldn't
protect his P, so he tries to activate his R.} (32... Rd6 $2 33. Bb4 $18) ({or
} 32... Rh8 $2 33. Bc3 Rh7 34. Ne4 $18 {and Black can't avoid White's threats.}
) 33. Rxh6 Rfd8 34. Rh7+ Kg8 35. Rh2 Rg4 36. Ne2 (36. Be1 $5 {was also
possible.}) 36... Rd5 37. Rf2 {Usually these types of endgames are nearly
equal, because the R can hold the minor pieces. Now it is a little bit
difficult for Black, because White is active, and the g5 P is always weak.} Kf7
38. b3 b5 39. b4 c5 $2 {Black tries to play actively, but this is too
optimistic.} ({Black should play the solid} 39... a6 {.}) 40. a3 $6 (40. Nc3 $1
{was stronger} Re5 41. Nxb5 cxb4 42. Nd6+ $18 {and it should be a winning
position for White.}) 40... cxb4 41. axb4 (41. Bxb4 $5) 41... a5 42. Nc3 (42.
bxa5 $5) 42... Re5 43. bxa5 b4 44. Na2 Rxa5 45. Nxb4 ({The cool-blooded} 45.
Kb2 $5 {was also possible.}) 45... Rg1+ $6 (45... Rb5 {was tougher} 46. c3 Kf6
47. Kc2 Rh4 (47... Rxf5 $4 {lose because of} 48. Nd5+ Ke5 49. Rxf5+ Kxf5 50.
Ne3+ $18 {and White wins.}) 48. Nc6 Rc5 {and still Black has some practical
chances to survive.}) 46. Kb2 g4 47. Nd3 Rb5+ 48. Kc3 g3 49. Rf3 Rb7 50. Bf4 g2
51. Rg3 Re7 $6 {Loses immediately.} (51... Kf6 52. Be3 Ra1 53. Rxg2 {- longer
torture.}) 52. Ne5+ $1 {What an interesting game!} 1-0

[Event "Moscow Tal Memorial 8th"]
[Site "Moscow"]
[Date "2013.06.17"]
[Round "4"]
[White "Karjakin, Sergey"]
[Black "Mamedyarov, Shakhriyar"]
[Result "1/2-1/2"]
[WhiteElo "2782"]
[BlackElo "2753"]
[Annotator "Szabo,Kr"]
[PlyCount "85"]
[EventDate "2013.06.13"]
[EventType "tourn"]
[EventRounds "9"]
[EventCountry "RUS"]
[EventCategory "22"]
[SourceTitle "CBM 155"]
[Source "ChessBase"]
[SourceDate "2013.07.16"]
[SourceVersion "1"]
[SourceVersionDate "2013.07.16"]
[SourceQuality "1"]

1. e4 d6 2. d4 Nf6 3. Nc3 g6 4. f4 Bg7 5. Bd3 O-O 6. Nf3 c5 (6... Na6 {is by
far the most popular alternative.}) 7. dxc5 Nbd7 {Black sacrifices a P in
order to open up the e <-> attacking e4. However the idea doesn't look
completely sound.} (7... dxc5 {is the natural move.}) 8. cxd6 exd6 9. O-O (9.
Be3 Re8 10. Qd2 {/\ 0-0-0}) 9... Re8 10. h3 $146 {Novelty. Karjakin isn't
afraid of ...b5.} (10. a4 {preventing ...b5.} Ng4 11. Kh1 Qb6 {Black will win
the exchange, but loses the game!} 12. Bc4 Nf2+ 13. Rxf2 Qxf2 {
(Mchedlishvili-Paichadze, Tbilisi 2013)} 14. Bxf7+ $1 {is the decisive blow,
the black K remains in the middle.} Kxf7 15. Ng5+ Ke7 16. Be3 $1 Qh4 (16...
Qxe3 17. Nd5+ $18) 17. Nb5 $18) 10... b5 {Mamedyarov takes up the gauntlet.}
11. Nxb5 (11. Bxb5 $142 Nxe4 12. Nxe4 Rxe4 13. Ng5 Re7 14. Qxd6 h6 15. f5 $1 {
is a typical line by Mr. Houdni 3.}) 11... Nxe4 ({The cold-blooded} 11... Qb6+
$1 {was the best} 12. Kh2 Bb7 {and Black has nice compensation, because the e4
P will be lost.}) 12. Bxe4 Rxe4 13. Nxd6 Re7 14. Nxc8 Rxc8 15. Re1 Rxe1+ 16.
Nxe1 {White is two P up, but his pieces are on the back-rank, however it is
difficult for Black to show something concrete.} Qb6+ 17. Kh2 Nc5 18. Nd3 (18.
c3 Re8 19. Nf3 {looks more to the point.}) 18... Nxd3 $6 {This is an
inaccuracy.} ({The immediate} 18... Re8 $1 {was the correct reply} 19. Bd2 Nxd3
20. cxd3 Qf2 $1 $132 {and Black has a very dangerous counterplay.}) 19. Qxd3
Re8 20. Bd2 {Just in time...} Qxb2 21. Re1 Rb8 22. a4 ({The computer suggests} 
22. Re7 Qxa2 23. Be3 a5 24. c4 {but in a practical game Karjakin's move is
more logical.}) 22... Bf6 23. Qc4 h5 24. Re3 Qa1 $6 {The plan is Rb1 with a
counterattack on the back rank, but White's -> looks more dangerous.} (24...
Rd8) 25. Re1 (25. Rd3 $1 {/\ Rd7 ><f7} Rb1 26. Rd7 Rh1+ 27. Kg3 h4+ 28. Kf3 {
In a practical game the march of the K looks a bit frightening...} Qd1+ 29. Qe2
Rf1+ 30. Ke3 {and the White K escapes, so he wins.}) 25... Qb2 26. a5 (26. Re3
$142 {transposing to the previous lines.}) 26... Rd8 27. Bb4 Qd4 28. Re4 (28.
Qxd4 Rxd4 29. Bc5 Ra4 30. Bxa7 Rxa5 {and it is hard to believe that White can
win this _|_.}) 28... Qa1 29. a6 (29. Re1 Qd4 {with repetition of moves.})
29... h4 $1 {Blockading the >>. Now Black has real threats on the back rank.}
30. Re1 Qd4 31. Qxd4 Rxd4 32. Re8+ Kh7 33. c3 Rc4 (33... Rxf4 34. Ra8 Be5 35.
Kg1 Kg7 36. Bc5 (36. Rxa7 Rxb4 $1) 36... Bxc3 37. Rxa7 Bd4+ 38. Bxd4+ Rxd4 39.
Rb7 Ra4 40. a7 Kf6 $11) 34. Ra8 Bxc3 35. Bxc3 Rxc3 36. Rxa7 Kg7 37. Rb7 Ra3 38.
a7 Kf6 {is a theoretical draw.} 39. Kg1 Ke6 40. Kf2 f6 41. Ke2 Kf5 42. Rh7 Ke4
43. Rxh4 1/2-1/2

[Event "WchT 2nd"]
[Site "Luzern"]
[Date "1989.??.??"]
[Round "8.4"]
[White "Tolnai, Tibor"]
[Black "Gurevich, Mikhail"]
[Result "1-0"]
[WhiteElo "2470"]
[BlackElo "2640"]
[Annotator "Tischbierek,R"]
[PlyCount "87"]
[EventDate "1989.10.27"]
[EventType "team-tourn"]
[EventRounds "9"]
[EventCountry "SUI"]
[SourceTitle "CBM 016"]
[Source "ChessBase"]
[SourceDate "1990.06.01"]
[SourceVersion "1"]
[SourceVersionDate "1990.06.01"]
[SourceQuality "1"]
[WhiteTeam "Hungary"]
[BlackTeam "Soviet Union"]
[WhiteTeamCountry "HUN"]
[BlackTeamCountry "URS"]

1. e4 {Raj Tischbierek} d6 2. d4 Nf6 3. Nc3 g6 4. f4 Bg7 5. Nf3 c5 6. dxc5 Qa5
7. Bd3 Qxc5 8. Qe2 O-O 9. Be3 Qa5 10. O-O Bg4 11. h3 Bxf3 12. Qxf3 Nc6 13. a3 (
13. Ne2 Nd7 14. c3 $2 Nde5 $19 {Huebner,R-Kortschnoj,V/Skelleftea WCup/1989/
0-1/  -> CBM14}) 13... Nd7 14. Bd2 Qb6+ 15. Kh1 Nc5 16. Rab1 Nxd3 17. cxd3 e6
$6 (17... f5 18. exf5 (18. Nd5 Qb3 19. Bc3 Rf7 20. Bxg7 Kxg7 21. Qe3 e6 22. Nc3
d5 $15 {Kindermann,S-Gurevich,M/EU-chT Haifa/1989/0-1/ -> TD 1989/12}) 18...
gxf5 19. Nd5 Qb3 20. Rfe1 Rf7 21. Bc3 e6 22. Nb4 Nd8 23. Bxg7 Kxg7 24. Rec1 Qa4
25. Rc4 {1/2-1/2; Sax,G-Seirawan,J/Skelleftea WCup/1989/}) 18. f5 exf5 19. exf5
Nd4 20. Qg3 Nxf5 $2 (20... Be5 21. Qg4 Qb3 22. Bf4 Kh8 23. Bxe5+ dxe5 24. f6
$14 {Arnason,J-Pergericht/Bela Crkva/1989/1-0/39/}) 21. Rxf5 $1 $18 gxf5 22.
Nd5 f4 (22... Qc5 23. Nf6+ Kh8 24. Qh4 Bxf6 25. Qxf6+ Kg8 26. Bc3 $18) 23. Nf6+
Kh8 24. Qh4 h6 25. Qxf4 $1 d5 26. Bc3 {/\ Qf5} d4 (26... Qe6 27. Re1) 27. Bxd4
Qe6 28. Bc3 {/\ 29.Re1} Rfe8 $8 (28... Rad8 29. Re1 Qc8 30. Qe4 Bxf6 31. Bxf6+
Kg8 32. Re3 Rfe8 33. Rg3+ Kf8 34. Qb4+) 29. Nxe8 Rxe8 30. Rf1 (30. Re1 $2 Qxe1+
31. Bxe1 Rxe1+ 32. Kh2 Be5 $19) 30... Re7 31. Rf3 Kh7 32. Rg3 Be5 33. Bxe5 Qxe5
34. Qg4 $1 Qg5 35. Qf3 Qe5 36. d4 Qe6 (36... Qxd4 37. Qf5+ Kh8 38. Qc8+ Kh7 39.
Qg8#) 37. d5 Qe1+ 38. Kh2 Qe5 39. d6 $1 Rd7 40. Qg4 Rd8 41. Qc4 Qf6 42. Qe4+
Kh8 43. d7 h5 44. Qd5 {(Tischbierek)} 1-0

[Event "DDR-ch 36th"]
[Site "Glauchau"]
[Date "1987.02.??"]
[Round "1"]
[White "Tischbierek, Raj"]
[Black "Espig, Lutz"]
[Result "1-0"]
[WhiteElo "2435"]
[BlackElo "2450"]
[Annotator "Tischbierek,R"]
[PlyCount "91"]
[EventDate "1987.02.05"]
[EventType "tourn"]
[EventRounds "13"]
[EventCountry "DDR"]
[EventCategory "6"]
[SourceTitle "EXT 2003"]
[Source "ChessBase"]
[SourceDate "2002.11.25"]
[SourceVersion "1"]
[SourceVersionDate "2002.11.25"]
[SourceQuality "1"]

{SCHACH 4/1987} 1. e4 d6 2. d4 Nf6 3. Nc3 g6 4. f4 Bg7 5. Nf3 O-O 6. Be3 {
Eine brauchbare Alternative zu dem mehr geläufigen 6. Bd3.} ({Ein aktuelles
Beispiel} 6. Bd3 c5 7. dxc5 Qa5 8. Qd2 dxc5 9. Nb5 Qa4 $1 10. e5 Ne4 11. Qe3
Qb4+ 12. Nd2 Bf5 13. Nc7 {mit grossen Verwicklungen; Beliavsky,A-Timman,J/
Tilburg 1986}) 6... a6 $6 7. Bd3 b5 8. e5 Ng4 9. Bg1 f6 {Schwarz muss
versuchen, dass weisse Zentrum zu knacken, bevor Weiss seine Entwicklung
beenden kann.} 10. h3 Nh6 11. Qe2 fxe5 ({Jetzt und später würde auf} 11... Nf5
{mit Blickrichtung g3 einfach} 12. Bf2 {nebst g2-g4 folgen.}) 12. fxe5 c6 13.
O-O-O {Weiss ist mit klarem Vorteil aus der Eröffnung herausgekommen.} d5 14.
Kb1 Nd7 15. Rf1 e6 (15... Nb6 $142) 16. Be3 Nf5 17. Bf2 c5 18. dxc5 Qc7 19. c6
$2 {Zu sehr für die Galerie gespielt.} ({Einfach} 19. g4 $1 Ne7 20. h4 {
ergab entscheidenden Vorteil, da} Nxe5 {an} ({und bei} 20... Nxc5 21. Bxc5 Qxc5
22. h5 {das Matt nicht mehr lange auf sich warten lässt.}) 21. Bg3 {scheitert})
19... Nxe5 20. Nxe5 Bxe5 $2 {Revanchiert sich.} ({Unklar war} 20... Qxe5 $1 21.
Bc5 Re8 22. Qf3 Qc7) 21. g4 Ne7 {[#]} ({Noch ärger wäre} 21... Nd4 22. Bxd4
Rxf1+ 23. Rxf1 Bxd4 24. Nxd5 $1 exd5 25. Qe8+ Kg7 26. Qf8#) 22. Bb6 $1 Rxf1+
23. Rxf1 Qxb6 24. Qxe5 Qxc6 25. h4 ({Nicht} 25. Qf6 Qe8) ({oder} 25. Ne4 dxe4
26. Bxe4 Nd5) 25... Qe8 26. h5 Nc6 27. Qf6 Qe7 $8 28. hxg6 Qxf6 29. Rxf6 $6 {
Gibt dem Schwarzen in Zeitnot noch einmal eine Chance.} ({Richtig} 29. gxh7+
Kg7 30. Rxf6 Bd7 {mit einigen technischen Problemen, aber klarem Vorteil.})
29... hxg6 (29... h6 $1 {mit guten Rettungschancen}) 30. Nxd5 $1 Ne5 ({Oder} 
30... exd5 31. Rxc6 {nebst Rxg6 mit leichtem Sieg.}) 31. Nb6 Rb8 (31... Kg7 32.
g5 $1) 32. Nxc8 Rxc8 33. Rxe6 Nxd3 34. cxd3 Kf7 35. Rxa6 Rd8 36. Rb6 Rd4 37.
Rxb5 Rxg4 38. Kc2 g5 39. Kd2 Kf6 40. Ke3 Rg1 41. a4 g4 42. Kf4 g3 43. Kf3 Ke6
44. a5 Kd7 45. Rb3 g2 46. Ra3 1-0

[Event "ISR-chT"]
[Site "Israel"]
[Date "2002.04.24"]
[Round "10"]
[White "Tyomkin, Dimitri"]
[Black "Maryasin, Boris Feliksovich"]
[Result "1/2-1/2"]
[WhiteElo "2504"]
[BlackElo "2398"]
[Annotator "Tyomkin,D"]
[PlyCount "69"]
[EventDate "2002.01.10"]
[EventType "team"]
[EventRounds "11"]
[EventCountry "ISR"]
[SourceTitle "CBM 088"]
[Source "ChessBase"]
[SourceDate "2002.03.21"]
[SourceVersion "1"]
[SourceVersionDate "2002.03.21"]
[SourceQuality "1"]

1. d4 g6 2. e4 {Surprise! I usually play 2.c4 as 1.d4 player!} d6 3. Nc3 Bg7 4.
f4 Nf6 5. Nf3 O-O 6. Be3 b6 7. Qd2 c5 8. O-O-O Nc6 $5 {I find this move not
worse than 8..Bb7 which is main there;} 9. d5 {Building up strong pawn centre;
White will advance e4-e5 at some point and black wouldn't be able to prevent
it;} Nb4 $5 $146 (9... Na5 10. h3 Rb8 11. e5 Nd7 12. h4 $5 dxe5 13. h5 e4 14.
Nxe4 Nf6 15. Nxf6+ exf6 (15... Bxf6 16. hxg6 hxg6 (16... fxg6 17. Ne5 $16) 17.
g3 $16 {[%cal Gd2h2]}) 16. Rh4 (16. Qf2 $16 {[%cal Gh5g6,Gf2h4]}) 16... f5 17.
g3 Re8 18. hxg6 hxg6 19. Ne5 $16 {0-1 Ninov,N-Chatalbashev,B/Tsarevo 2001/CBM
82 ext (54)}) 10. h3 {Intending e4-e5;  Immediate e4-e5 would allow black to
trade Nf6 for Be3- there was nothing wrong it, but I just wanted to avoid
trades while having space advantage;} (10. e5 Ng4 11. h3 Nxe3 12. Qxe3 $16 {
[%cal Gh3h4,Gh4h5]}) 10... Bb7 11. a3 a5 $5 {Boris is known as very creative
and attacking player, and I expected such a play from him;} (11... Na6 12. e5
$16) 12. Kb1 {The sacrifice can not be accepted:} (12. axb4 $2 axb4 13. Nb1
Nxe4 {[%csl Rb2][%cal Ge4g3,Ya8a2]}) 12... b5 13. Bxb5 {and again black knight
can not be captured:} (13. axb4 $2 axb4 14. Nxb5 $19 {[%cal Gd8a5]}) 13... Qb6
14. Qe2 Ba6 15. Bxa6 Nxa6 16. e5 Nd7 17. Bf2 $6 (17. Bc1 $5 {[%cal Gf3d2,Gd2c4]
it was correct to place that bishop on c1, getting b2 overprotected; I don't
see compensation for black after 17.Bc1;}) 17... Rab8 18. Na4 (18. b3 $5) 18...
Qb7 19. Be1 $6 {Blundering 19..c4; The idea was to play c4 following by Bc3;}
Nc7 {Fortunately my opponent has missed 19..c4 as well, which was his chance
to complicate things;} (19... c4 $1 {[%cal Gd7c5]} 20. Qxc4 Rfc8 21. Qb3 Qc7
22. Qc3 $11) 20. c4 Nb6 (20... Qb3 21. Qc2 $1 {That was my trap setted by 19.
Be1 move;} Qxa3 22. Rd3 $18) 21. Nxb6 Qxb6 22. Qc2 a4 23. Bc3 Qa6 24. exd6 Bxc3
25. Qxc3 $16 Rb3 26. Qc2 exd6 27. Nd2 (27. Rd3 $5 Rb6 $1 {[%cal Gf8b8,Yb8b2]})
27... Re3 $1 28. Rhe1 {I was pretty sure that my position is totaly winning 
(and I was right!), but unfortunately I lost concentration which had led to
the series of unaccuracies;} Rfe8 29. Rxe3 Rxe3 30. Nf3 $2 {moving the knight
to the wrong square and missing the forthcoming monouevre of black knight;} (
30. f5 $1 Re2 31. g4 $18 Na8 32. Qd3 Re5 33. Ne4 {[%csl Rd6] and black doesn't
have Nb6 because of weakness of d6;}) 30... Na8 $1 {[%csl Rc4][%cal Ga8b6]
Suddenly black knight, which was passive all the time, turned to dangerous
attacking puice; c4 becomes a target after Na8-b6;} 31. f5 (31. Qf2 $5) 31...
Nb6 32. Rc1 (32. Nd2 $1) 32... Qc8 33. fxg6 hxg6 34. Ng5 (34. Nh2 $5 {[%cal
Gh2g4,Gh2f1]} Qf5 $1 35. Qxf5 gxf5 36. Nf1 $14 {[%csl Rc4,Ye3] but black has
counterplay here thnx to the active rook and weakness of c4-pawn of white;})
34... Nxc4 $1 {I just blundered it;} 35. Qxc4 {Lacking time on my clock, I
decided to offer draw and I did another mistake! Black is better already after
35.Qxc4, but my opponent was lucky to achieve a draw in this game;} (35. Qf2 $1
Nxa3+ 36. Ka2 Qe8 37. Nxf7 Re2 38. Nxd6 $16 Qe5 39. Qf7+ Kh8 40. Qf8+ Kh7 41.
Qb8 $16) (35. Qxc4 Qf5+ 36. Rc2 Qxg5 37. Ka2 $15) 1/2-1/2